[Event "Verbandsliga Suedbaden 2223"]
[Site "Germany"]
[Date "2022.09.25"]
[Round "1.4"]
[White "Schulz, Vladimir"]
[Black "Fernandez Aguado, Juan Luis"]
[Result "0-1"]
[WhiteElo "2119"]
[BlackElo "2206"]
[PlyCount "118"]
[EventDate "2022.09.25"]
[EventType "team-tourn"]
[EventRounds "9"]
[EventCountry "GER"]
[SourceTitle "EXT 2024"]
[Source "ChessBase"]
[SourceDate "2023.10.10"]
[SourceVersion "1"]
[SourceVersionDate "2023.10.10"]
[SourceQuality "1"]
[WhiteTeam "Baden-Baden IV"]
[BlackTeam "Wiehre"]
[WhiteTeamCountry "GER"]
[BlackTeamCountry "GER"]

1. e4 b6 2. d4 Bb7 3. Bd3 g6 4. Nf3 Bg7 5. h4 h5 6. e5 c5 7. c3 Nc6 8. a3 Qc7 9. b4 cxd4 10. cxd4 Nxd4 11. Nxd4 Qxe5+ 12. Be3 Bxg2 13. Rg1 Bb7 14. Nd2 Nf6 15. Rg5 Qd6 16. Nc4 Qh2 17. Nf5 Bf8 18. Ng3 Bh6 19. Ne5 Bxg5 20. hxg5 h4 21. gxf6 hxg3 22. Ng4 gxf2+ 23. Nxf2 Qe5 24. Kd2 Qb2+ 25. Bc2 Rc8 26. Rc1 Rc6 27. Ke1 Re6 28. Qd2 exf6 29. Be4 Qxd2+ 30. Kxd2 d5 31. Bd3 Kd7 32. Bb5+ Bc6 33. Ba6 Rh4 34. b5 d4 35. bxc6+ Kc7 36. Nd1 dxe3+ 37. Nxe3 Rd4+ 38. Kc3 Rdd6 39. Nc4 Rxc6 40. a4 Rc5 41. Rd1 f5 42. Bb5 Re7 43. Kb3 f4 44. Nd6 g5 45. Bc4 Rd7 46. Ne8+ Kd8 47. Nd6 Ke7 48. a5 Rxd6 49. Re1+ Kf6 50. a6 b5 51. Bf1 Rxa6 52. Kb4 Re5 53. Rc1 Ra4+ 54. Kb3 Re3+ 55. Kb2 Rd4 56. Rc6+ Re6 57. Rc7 a5 58. Bh3 Re2+ 59. Kc3 Rc4+ 0-1

[Event "Oberliga Baden 1617"]
[Site "Baden"]
[Date "2016.12.04"]
[Round "3.5"]
[White "Kummle, Thomas"]
[Black "Fernandez Aguado, Juan Luis"]
[Result "1/2-1/2"]
[WhiteElo "2039"]
[BlackElo "2250"]
[PlyCount "89"]
[EventDate "2016.10.16"]
[EventType "team-tourn"]
[EventRounds "9"]
[EventCountry "GER"]
[SourceTitle "EXT 2018"]
[Source "ChessBase"]
[SourceDate "2017.10.13"]
[SourceVersion "1"]
[SourceVersionDate "2017.10.13"]
[SourceQuality "1"]
[WhiteTeam "Waldshut Tiengen"]
[BlackTeam "Dreisamtal"]
[WhiteTeamCountry "GER"]
[BlackTeamCountry "GER"]

1. e4 c5 2. Nf3 d6 3. d4 Nf6 4. Nc3 cxd4 5. Nxd4 a6 6. h3 Nc6 7. g4 h6 8. Bg2 Qb6 9. Nde2 e6 10. 0-0 Be7 11. Be3 Qc7 12. f4 Nd7 13. Qd2 b5 14. Rad1 Bb7 15. Ng3 g6 16. a3 Na5 17. Qe1 Nc4 18. Bc1 h5 19. g5 Rc8 20. Kh2 Nxa3 21. bxa3 Qxc3 22. Qxc3 Rxc3 23. Bb2 Rxg3 24. Kxg3 0-0 25. Be5 Nc5 26. Bxd6 Bxd6 27. Rxd6 Nxe4+ 28. Bxe4 Bxe4 29. Re1 Bd5 30. Re3 Rc8 31. c3 a5 32. Ra6 a4 33. Rd6 Kf8 34. Rb6 Bc4 35. Rd6 Ke7 36. Rd4 Rc5 37. h4 Bd5 38. Kf2 Kd6 39. Ke2 Rc7 40. Kd2 Rc8 41. Re5 Kc6 42. Re3 Kc5 43. Re5 Kc6 44. Re3 Kc5 45. Re5 1/2-1/2

[Event "Oberliga Baden 1516"]
[Site "Baden"]
[Date "2016.04.10"]
[Round "9.6"]
[White "Werner, Clemens"]
[Black "Fernandez Aguado, Juan Luis"]
[Result "1/2-1/2"]
[WhiteElo "2330"]
[BlackElo "2235"]
[PlyCount "104"]
[EventDate "2015.09.20"]
[EventType "team-tourn"]
[EventRounds "9"]
[EventCountry "GER"]
[SourceTitle "EXT 2018"]
[Source "ChessBase"]
[SourceDate "2017.10.13"]
[SourceVersion "1"]
[SourceVersionDate "2017.10.13"]
[SourceQuality "1"]
[WhiteTeam "Karlsruhe SF"]
[BlackTeam "Dreisamtal"]
[WhiteTeamCountry "GER"]
[BlackTeamCountry "GER"]

1. e4 c5 2. c3 Nf6 3. e5 Nd5 4. Nf3 e6 5. Bc4 d6 6. d4 cxd4 7. cxd4 Nc6 8. 0-0 Be7 9. Bd2 0-0 10. Nc3 Nxc3 11. Bxc3 dxe5 12. dxe5 Qc7 13. Qe2 Rd8 14. Qe4 Bd7 15. Bd3 g6 16. Qf4 Be8 17. Bc2 Bf8 18. Rac1 Bg7 19. Bb3 Rac8 20. Rfe1 Qb8 21. Ng5 h6 22. Ne4 Ne7 23. Nf6+ Bxf6 24. Qxf6 Nd5 25. Bxd5 Rxd5 26. h4 Rc6 27. Rcd1 Rcc5 28. h5 Qc8 29. hxg6 fxg6 30. Bb4 Rxd1 31. Rxd1 Rc1 32. Rxc1 Qxc1+ 33. Kh2 Bf7 34. b3 Qg5 35. Qxg5 hxg5 36. Kg3 Be8 37. Kg4 Bc6 38. f3 Bb5 39. Kxg5 Kf7 40. Bc5 a5 41. Kf4 a4 42. Ke4 axb3 43. axb3 Bf1 44. g4 g5 45. Bb6 Be2 46. b4 Kg6 47. Ke3 Bd1 48. Bd8 Ba4 49. Kf2 Bc6 50. Kg3 Bd5 51. f4 gxf4+ 52. Kxf4 b5 1/2-1/2

[Event "Oberliga Baden 1516"]
[Site "Baden"]
[Date "2015.11.15"]
[Round "3.6"]
[White "Lang, Alexander"]
[Black "Fernandez Aguado, Juan Luis"]
[Result "1/2-1/2"]
[WhiteElo "2053"]
[BlackElo "2235"]
[PlyCount "133"]
[EventDate "2015.09.20"]
[EventType "team-tourn"]
[EventRounds "9"]
[EventCountry "GER"]
[SourceTitle "EXT 2018"]
[Source "ChessBase"]
[SourceDate "2017.10.13"]
[SourceVersion "1"]
[SourceVersionDate "2017.10.13"]
[SourceQuality "1"]
[WhiteTeam "Oberwinden"]
[BlackTeam "Dreisamtal"]
[WhiteTeamCountry "GER"]
[BlackTeamCountry "GER"]

1. d4 Nf6 2. Bf4 g6 3. e3 Bg7 4. Nf3 0-0 5. Be2 d6 6. h3 Nc6 7. 0-0 Qe8 8. c4 e5 9. Bh2 Ne4 10. Re1 f5 11. Nc3 Nxc3 12. bxc3 Kh8 13. Rb1 b6 14. Bf1 Na5 15. c5 Bb7 16. cxd6 cxd6 17. c4 Rd8 18. Nd2 Qf7 19. d5 Qd7 20. Rb5 Rc8 21. Qa4 Rf7 22. Qa3 Qd8 23. Rc1 Rfc7 24. Rb4 Bxd5 25. Rd1 Bf7 26. Bg3 Rd7 27. f3 d5 28. Rc1 d4 29. exd4 exd4 30. Bd3 Qg5 31. Nf1 Nc6 32. Rb5 Qf6 33. Qb2 f4 34. Bf2 Ne5 35. Qb3 Nxd3 36. Qxd3 Be6 37. Nd2 Bf5 38. Ne4 Bxe4 39. fxe4 Rc5 40. a4 Rdc7 41. Rb2 Kg8 42. Rd2 Qe6 43. Rdc2 Re5 44. Bxd4 Rxe4 45. Bf2 Rd7 46. Qf3 h5 47. c5 bxc5 48. Rxc5 Rxa4 49. Rc6 Qf7 50. Rxg6 Qxg6 51. Qb3+ Kh7 52. Qxa4 f3 53. g4 Rf7 54. Qc2 hxg4 55. hxg4 a5 56. Qxg6+ Kxg6 57. Rc5 a4 58. Ra5 Rf4 59. g5 Bb2 60. Be3 Bd4 61. Bxd4 Rxd4 62. Kf2 Rf4 63. Rd5 Rf5 64. Rd4 Ra5 65. Kxf3 Kxg5 66. Rd2 Kf5 67. Ke3 1/2-1/2

[Event "Oberliga Baden 1314"]
[Site "Germany"]
[Date "2014.04.06"]
[Round "9.5"]
[White "Fernandez Aguado, Juan Luis"]
[Black "Wuest, Hans Heiner"]
[Result "1-0"]
[WhiteElo "2250"]
[BlackElo "2103"]
[PlyCount "69"]
[EventDate "2013.10.13"]
[EventType "team-tourn"]
[EventRounds "9"]
[EventCountry "GER"]
[SourceTitle "EXT 2015"]
[Source "ChessBase"]
[SourceDate "2014.11.20"]
[SourceVersion "1"]
[SourceVersionDate "2014.11.20"]
[SourceQuality "1"]
[WhiteTeam "Dreisamtal"]
[BlackTeam "Kirchheim"]
[WhiteTeamCountry "GER"]
[BlackTeamCountry "GER"]

1. e4 c5 2. Nf3 d6 3. d4 cxd4 4. Nxd4 Nf6 5. Nc3 a6 6. Bc4 e6 7. Bb3 Qc7 8. g4 h6 9. f3 Nc6 10. Be3 Bd7 11. Qe2 Be7 12. 0-0-0 Rc8 13. h4 Nxd4 14. Bxd4 e5 15. Be3 Be6 16. g5 Nd7 17. f4 Bc4 18. Qg2 b5 19. Kb1 h5 20. Nd5 Bxd5 21. Bxd5 Nb6 22. Bxb6 Qxb6 23. Rhf1 f6 24. gxf6 Bxf6 25. Qg6+ Kd8 26. fxe5 Bxe5 27. Rf5 Qc5 28. Bb3 Kc7 29. a3 Rhf8 30. Rd5 Qc6 31. Rdxe5 dxe5 32. Qxg7+ Qd7 33. Qxe5+ Qd6 34. Qg7+ Qd7 35. Rc5+ 1-0

[Event "Oberliga Baden 1314"]
[Site "Germany"]
[Date "2013.11.10"]
[Round "2.4"]
[White "Werner, Clemens"]
[Black "Fernandez Aguado, Juan Luis"]
[Result "1/2-1/2"]
[WhiteElo "2340"]
[BlackElo "2265"]
[PlyCount "255"]
[EventDate "2013.10.13"]
[EventType "team-tourn"]
[EventRounds "9"]
[EventCountry "GER"]
[SourceTitle "EXT 2015"]
[Source "ChessBase"]
[SourceDate "2014.11.20"]
[SourceVersion "1"]
[SourceVersionDate "2014.11.20"]
[SourceQuality "1"]
[WhiteTeam "Karlsruhe"]
[BlackTeam "Dreisamtal"]
[WhiteTeamCountry "GER"]
[BlackTeamCountry "GER"]

1. e4 d6 2. d4 Nf6 3. Nc3 e5 4. Nf3 Nbd7 5. g3 g6 6. Bg2 Bg7 7. 0-0 0-0 8. Re1 Re8 9. h3 c6 10. a4 a5 11. Be3 Qc7 12. Qd2 Nf8 13. Rad1 Ne6 14. dxe5 dxe5 15. Qe2 Bf8 16. Qc4 b6 17. Nxe5 Qxe5 18. Qxc6 Rb8 19. f4 Qc7 20. e5 Nd7 21. Nb5 Qxc6 22. Bxc6 Rd8 23. Nd6 Bxd6 24. Rxd6 Ndc5 25. Red1 Rxd6 26. Rxd6 Bb7 27. Bb5 Be4 28. c3 Bc2 29. b4 Nxa4 30. Bxa4 Bxa4 31. Rxb6 Rxb6 32. Bxb6 axb4 33. cxb4 Kf8 34. Kf2 Ke8 35. Ba7 Kd7 36. Bb8 Kc6 37. Ke3 Kd5 38. g4 Nd4 39. Bd6 Bd1 40. Bc5 Ne6 41. Be7 Nd4 42. Bd6 h5 43. gxh5 Bxh5 44. Bc5 Nf5+ 45. Kf2 Bd1 46. Bb6 Ke4 47. Bc7 Ba4 48. e6 fxe6 49. Bb8 Bb5 50. Bc7 Nd4 51. Kg3 Kf5 52. Kf2 Ne2 53. Kf3 Nc3 54. Kg3 Nd5 55. Bd6 Bc6 56. Bb8 Nf6 57. Kf2 Nd5 58. b5 Bxb5 59. Kg3 Bf1 60. Bd6 Nf6 61. Kh4 Ne4 62. Bc7 Nf2 63. Kg3 Nxh3 64. Bb8 g5 65. fxg5 Nxg5 66. Kf2 Ba6 67. Ke3 e5 68. Kd2 Ke4 69. Bc7 Nf3+ 70. Kc3 Ke3 71. Bd6 e4 72. Bc5+ Ke2 73. Kc2 e3 74. Bb6 Ne1+ 75. Kc3 Ng2 76. Ba7 Kd1 77. Bb6 e2 78. Bf2 e1Q+ 79. Bxe1 Nxe1 80. Kd4 Kd2 81. Ke4 Ng2 82. Kd4 Bd3 83. Ke5 Ke3 84. Kd5 Nf4+ 85. Kc5 Be2 86. Kd6 Kd4 87. Kc6 Bf3+ 88. Kd6 Bd5 89. Kd7 Ke5 90. Kc7 Ke6 91. Kb6 Kd6 92. Kb5 Nd3 93. Ka4 Kc5 94. Ka3 Bc4 95. Ka4 Nb4 96. Ka3 Nc6 97. Ka4 Bd5 98. Ka3 Kc4 99. Ka2 Kb4+ 100. Ka1 Kc3 101. Kb1 Nb4 102. Kc1 Nc2 103. Kd1 Bc4 104. Kc1 Na3 105. Kd1 Nc2 106. Kc1 Nd4 107. Kb1 Be6 108. Ka1 Nc2+ 109. Kb1 Bf7 110. Kc1 Ba2 111. Kd1 Nd4 112. Ke1 Kd3 113. Kf2 Be6 114. Kg3 Ke4 115. Kh4 Kf5 116. Kh5 Bg8 117. Kh6 Ne6 118. Kh5 Ng5 119. Kh6 Ne6 120. Kh5 Ng5 121. Kh6 Bb3 122. Kg7 Nf7 123. Kh7 Ne5 124. Kg7 Ng6 125. Kh6 Kf6 126. Kh7 Bd5 127. Kh6 Ne5 128. Kh5 1/2-1/2

[Event "Oberliga Baden 1213"]
[Site "Baden"]
[Date "2013.03.17"]
[Round "8.2"]
[White "Fernandez Aguado, Juan Luis"]
[Black "Eschbach, Dennis"]
[Result "0-1"]
[WhiteElo "2292"]
[BlackElo "2387"]
[PlyCount "54"]
[EventDate "2012.10.14"]
[EventType "team-tourn"]
[EventRounds "9"]
[EventCountry "GER"]
[SourceTitle "EXT 2014"]
[Source "ChessBase"]
[SourceDate "2013.11.20"]
[SourceVersion "1"]
[SourceVersionDate "2013.11.20"]
[SourceQuality "1"]
[WhiteTeam "Dreisamtal"]
[BlackTeam "Waldshut"]
[WhiteTeamCountry "GER"]
[BlackTeamCountry "GER"]

1. g3 d5 2. Bg2 Nf6 3. f4 g6 4. c4 Bg7 5. cxd5 Nxd5 6. Nc3 Nb6 7. b3 0-0 8. Bb2 Nc6 9. Bxc6 bxc6 10. Qc2 c5 11. Nf3 c4 12. Nd1 Bf5 13. e4 Bxb2 14. Nxb2 cxb3 15. axb3 Bh3 16. Ng5 Bg4 17. h3 Bc8 18. Ra5 Qd4 19. Nf3 Qb4 20. Re5 Nd7 21. Nd3 Qb6 22. Rd5 e6 23. Rd4 a5 24. Nb2 Rb8 25. Rd3 Nc5 26. Rc3 Nxb3 27. Rc6 Na1 0-1

[Event "Oberliga Baden 1213"]
[Site "Baden"]
[Date "2013.01.13"]
[Round "5.4"]
[White "Fernandez Aguado, Juan Luis"]
[Black "Ruefenacht, Matthias"]
[Result "1-0"]
[WhiteElo "2292"]
[BlackElo "2350"]
[PlyCount "79"]
[EventDate "2012.10.14"]
[EventType "team-tourn"]
[EventRounds "9"]
[EventCountry "GER"]
[SourceTitle "EXT 2014"]
[Source "ChessBase"]
[SourceDate "2013.11.20"]
[SourceVersion "1"]
[SourceVersionDate "2013.11.20"]
[SourceQuality "1"]
[WhiteTeam "Dreisamtal"]
[BlackTeam "Brombach"]
[WhiteTeamCountry "GER"]
[BlackTeamCountry "GER"]

1. g3 d5 2. Bg2 c6 3. f4 Bf5 4. d3 Nf6 5. e3 Nbd7 6. h3 Nc5 7. Nf3 Qc8 8. Nc3 g6 9. Qe2 Bg7 10. g4 Bd7 11. e4 dxe4 12. dxe4 h5 13. g5 Nh7 14. Bd2 b5 15. Qe3 Nb7 16. e5 Nf8 17. 0-0-0 Qc7 18. Ne4 Ne6 19. Nd4 Qb6 20. Nxe6 Bxe6 21. Nf6+ exf6 22. Qxb6 axb6 23. Bxc6+ Bd7 24. Bxb7 Rxa2 25. Kb1 Ra7 26. exf6 Bxf6 27. gxf6 Rxb7 28. Rhe1+ Be6 29. Bb4 Rd7 30. Rxe6+ fxe6 31. Rxd7 Kxd7 32. f7 e5 33. f8Q Rxf8 34. Bxf8 exf4 35. Bh6 f3 36. Be3 g5 37. Kc1 h4 38. Kd2 g4 39. hxg4 h3 40. Bf4 1-0

[Event "Oberliga Baden 1213"]
[Site "Baden"]
[Date "2012.11.25"]
[Round "3.5"]
[White "Werner, Clemens"]
[Black "Fernandez Aguado, Juan Luis"]
[Result "1/2-1/2"]
[WhiteElo "2313"]
[BlackElo "2292"]
[PlyCount "147"]
[EventDate "2012.10.14"]
[EventType "team-tourn"]
[EventRounds "9"]
[EventCountry "GER"]
[SourceTitle "EXT 2014"]
[Source "ChessBase"]
[SourceDate "2013.11.20"]
[SourceVersion "1"]
[SourceVersionDate "2013.11.20"]
[SourceQuality "1"]
[WhiteTeam "Karlsruhe"]
[BlackTeam "Dreisamtal"]
[WhiteTeamCountry "GER"]
[BlackTeamCountry "GER"]

1. e4 d6 2. d4 Nf6 3. Nc3 e5 4. Nf3 Nbd7 5. Bc4 Be7 6. 0-0 Nb6 7. Be2 exd4 8. Nxd4 0-0 9. f4 c5 10. Ndb5 a6 11. Na3 d5 12. exd5 Nbxd5 13. Nxd5 Nxd5 14. Bf3 Nb4 15. Be3 Qc7 16. Qe2 Bf6 17. c3 Re8 18. cxb4 Rxe3 19. Qc2 Qxf4 20. Kh1 Bf5 21. Bxb7 Qxb4 22. Qxf5 Qxb7 23. Nc4 Re2 24. Qg4 Qe4 25. Qxe4 Rxe4 26. Rac1 Rd8 27. Rc2 h5 28. g3 h4 29. Kg2 Rd3 30. Rff2 Rg4 31. Rf3 h3+ 32. Kf2 Rxc4 33. Rxc4 Rd2+ 34. Ke3 Bg5+ 35. Ke4 Rxh2 36. Rxc5 Re2+ 37. Kf5 h2 38. Rf1 Be3 39. Rc8+ Kh7 40. Rh1 Rxb2 41. Rc3 Bg1 42. Ra3 Rb5+ 43. Kg4 a5 44. Kh3 f5 45. Rxh2 Bxh2 46. Kxh2 Kg6 47. Kh3 Kf6 48. Rc3 Rb2 49. Ra3 Rb5 50. Rc3 Rd5 51. Rc6+ Kg5 52. Ra6 Kh5 53. a4 Kg5 54. Kg2 f4 55. Kf2 Rd2+ 56. Ke1 Rd5 57. Kf2 Kf5 58. gxf4 Kxf4 59. Rg6 Rg5 60. Re6 Kf5 61. Re7 Kg6 62. Ra7 Re5 63. Ra6+ Kf5 64. Kf3 g5 65. Ra8 Ke6 66. Ra6+ Kd7 67. Kg4 Kc7 68. Rg6 Re4+ 69. Kf3 Rxa4 70. Rxg5 Kb6 71. Ke3 Rc4 72. Kd3 Rc6 73. Rg2 Kb5 74. Rc2 1/2-1/2

[Event "Oberliga Baden 1112"]
[Site "Germany"]
[Date "2012.03.18"]
[Round "8.2"]
[White "Fernandez Aguado, Juan Luis"]
[Black "Schuh, Hubert"]
[Result "0-1"]
[WhiteElo "2308"]
[BlackElo "2292"]
[PlyCount "74"]
[EventDate "2011.10.02"]
[EventType "team-tourn"]
[EventRounds "9"]
[EventCountry "GER"]
[SourceTitle "EXT 2013"]
[Source "ChessBase"]
[SourceDate "2012.11.22"]
[SourceVersion "1"]
[SourceVersionDate "2012.11.22"]
[SourceQuality "1"]
[WhiteTeam "Oberwinden"]
[BlackTeam "Kuppenheim"]
[WhiteTeamCountry "GER"]
[BlackTeamCountry "GER"]

1. e4 c5 2. f4 Nc6 3. Nf3 g6 4. Bb5 Bg7 5. 0-0 Nf6 6. Nc3 0-0 7. d3 Na5 8. e5 Ne8 9. d4 cxd4 10. Qxd4 a6 11. Bd3 d6 12. Qf2 Bg4 13. Qh4 Bxf3 14. Rxf3 e6 15. Qxd8 Rxd8 16. Be3 Rc8 17. Ne4 dxe5 18. fxe5 Bxe5 19. Raf1 Bxb2 20. Ng5 Nd6 21. Rh3 h5 22. Nxe6 Rfe8 23. Bd4 Bxd4+ 24. Nxd4 Nac4 25. Rf6 Ne4 26. Rf4 Ncd6 27. g4 hxg4 28. Rxg4 Nf6 29. Rf4 Kg7 30. Rhf3 Nh5 31. Rg4 Rc5 32. h4 Ra5 33. a4 Rae5 34. Rg5 Rxg5+ 35. hxg5 Re5 36. c4 Rxg5+ 37. Kf2 Ra5 0-1

[Event "Oberliga Baden 1112"]
[Site "Germany"]
[Date "2011.12.11"]
[Round "4.2"]
[White "Fernandez Aguado, Juan Luis"]
[Black "Dudek, Richard"]
[Result "1/2-1/2"]
[WhiteElo "2314"]
[BlackElo "2245"]
[PlyCount "59"]
[EventDate "2011.10.02"]
[EventType "team-tourn"]
[EventRounds "9"]
[EventCountry "GER"]
[SourceTitle "EXT 2013"]
[Source "ChessBase"]
[SourceDate "2012.11.22"]
[SourceVersion "1"]
[SourceVersionDate "2012.11.22"]
[SourceQuality "1"]
[WhiteTeam "Oberwinden"]
[BlackTeam "Eppingen II"]
[WhiteTeamCountry "GER"]
[BlackTeamCountry "GER"]

1. d4 Nf6 2. Bg5 e6 3. Nd2 Be7 4. e4 d5 5. e5 Nfd7 6. Bxe7 Qxe7 7. Ngf3 c5 8. dxc5 Nxc5 9. Bd3 Nc6 10. 0-0 0-0 11. Nb3 b6 12. Nxc5 bxc5 13. h4 c4 14. Be2 f6 15. exf6 Qxf6 16. c3 Rb8 17. Qc2 e5 18. Ng5 Bf5 19. Qd2 Rbd8 20. f4 h6 21. fxe5 Nxe5 22. Nf3 Be4 23. Nxe5 Qxe5 24. Qe3 Qe7 25. h5 Rb8 26. Rxf8+ Qxf8 27. Bxc4 Rxb2 28. Qxe4 Qc5+ 29. Kh1 dxc4 30. Qe6+ 1/2-1/2

[Event "Oberliga Baden 0809"]
[Site "Germany"]
[Date "2009.02.01"]
[Round "6.1"]
[White "Boguslawski, Oleg"]
[Black "Fernandez Aguado, Juan Luis"]
[Result "1/2-1/2"]
[WhiteElo "2406"]
[BlackElo "2308"]
[PlyCount "87"]
[EventDate "2008.10.05"]
[EventType "team-tourn"]
[EventRounds "9"]
[EventCountry "GER"]
[SourceTitle "EXT 2010"]
[Source "ChessBase"]
[SourceDate "2010.11.25"]
[SourceVersion "1"]
[SourceVersionDate "2010.11.25"]
[SourceQuality "1"]
[WhiteTeam "Hockenheim"]
[BlackTeam "Horben"]
[WhiteTeamCountry "GER"]
[BlackTeamCountry "GER"]

1. e4 c5 2. Nf3 d6 3. d4 cxd4 4. Nxd4 Nf6 5. Nc3 a6 6. Be3 e5 7. Nb3 Be7 8. f3 0-0 9. Qd2 Be6 10. 0-0-0 Nbd7 11. Kb1 b5 12. Qf2 Rc8 13. Nd5 Nxd5 14. exd5 Bf5 15. Rd2 h5 16. g4 hxg4 17. fxg4 Be4 18. Bg2 Bh4 19. Qe2 Bh7 20. Rg1 Nb6 21. Na5 Nc4 22. Nc6 Nxd2+ 23. Qxd2 Qd7 24. g5 f6 25. gxf6 Rxf6 26. a4 Rcf8 27. axb5 axb5 28. Qb4 Bf2 29. Bxf2 Rxf2 30. Qh4 Rxc2 31. Ka2 Rf7 32. Bh3 Qe8 33. Be6 Qa8+ 34. Kb3 Qa4+ 35. Qxa4 bxa4+ 36. Kxa4 Kf8 37. Bxf7 Kxf7 38. Rf1+ Ke8 39. Rg1 Rxb2 40. Rxg7 Be4 41. Nb4 Rxh2 42. Kb5 Rb2 43. Kc6 Rxb4 44. Kxd6 1/2-1/2

[Event "Oberliga Baden 0809"]
[Site "Germany"]
[Date "2008.10.05"]
[Round "1.1"]
[White "Abergel, Thal"]
[Black "Fernandez Aguado, Juan Luis"]
[Result "1-0"]
[WhiteElo "2509"]
[BlackElo "2308"]
[PlyCount "65"]
[EventDate "2008.10.05"]
[EventType "team-tourn"]
[EventRounds "9"]
[EventCountry "GER"]
[SourceTitle "EXT 2010"]
[Source "ChessBase"]
[SourceDate "2010.11.25"]
[SourceVersion "1"]
[SourceVersionDate "2010.11.25"]
[SourceQuality "1"]
[WhiteTeam "Viernheim"]
[BlackTeam "Horben"]
[WhiteTeamCountry "GER"]
[BlackTeamCountry "GER"]

1. e4 c5 2. Nf3 d6 3. d4 cxd4 4. Nxd4 Nf6 5. Nc3 a6 6. Bc4 e6 7. Bb3 Be7 8. g4 Nc6 9. g5 Nxd4 10. Qxd4 Nh5 11. Rg1 Bd7 12. Be3 0-0 13. 0-0-0 Rc8 14. f4 g6 15. h4 b5 16. f5 exf5 17. Rdf1 Ng7 18. h5 Nxh5 19. exf5 d5 20. fxg6 hxg6 21. Qe5 Be6 22. Bd4 Kh7 23. Kb1 Qc7 24. Qe2 Bc5 25. Be5 Bd6 26. Bf6 Nxf6 27. gxf6 Rh8 28. Nxd5 Bxd5 29. Bxd5 Kg8 30. Rxg6+ Kf8 31. Rg7 Rh2 32. Rfg1 Bg3 33. R7xg3 1-0

[Event "Oberliga Baden 0708"]
[Site "Germany"]
[Date "2007.11.04"]
[Round "2.1"]
[White "Fernandez Aguado, Juan Luis"]
[Black "Kaenel, Hansjuerg"]
[Result "1-0"]
[WhiteElo "2280"]
[BlackElo "2370"]
[PlyCount "63"]
[EventDate "2007.10.21"]
[EventType "team-tourn"]
[EventRounds "9"]
[EventCountry "GER"]
[SourceTitle "EXT 2009"]
[Source "ChessBase"]
[SourceDate "2008.11.26"]
[SourceVersion "1"]
[SourceVersionDate "2008.11.26"]
[SourceQuality "1"]
[WhiteTeam "Horben"]
[BlackTeam "Dreisamtal"]
[WhiteTeamCountry "GER"]
[BlackTeamCountry "GER"]

1. e4 c5 2. Nf3 e6 3. d4 cxd4 4. Nxd4 Nc6 5. Nc3 Qc7 6. Be3 a6 7. Bd3 Nf6 8. 0-0 Ne5 9. Kh1 Neg4 10. Nf3 Nxe3 11. fxe3 d6 12. Nd4 Be7 13. Qf3 0-0 14. Qh3 h6 15. Rf3 Qc5 16. g4 Nh7 17. Qg3 Qe5 18. Rf4 Bg5 19. Nf3 Qc5 20. h4 Qxe3 21. hxg5 hxg5 22. Rf5 exf5 23. Nd5 Qa7 24. Ne7+ Kh8 25. Kg2 Qe3 26. Qh3 Qxf3+ 27. Qxf3 fxg4 28. Qg3 g6 29. Rh1 Kg7 30. Qh2 Rh8 31. Qh6+ Kf6 32. Nd5+ 1-0

[Event "FRA-chT2 East 0607"]
[Site "France"]
[Date "2007.04.01"]
[Round "11.3"]
[White "Ricter, Jean Paul"]
[Black "Fernandez Aguado, Juan Luis"]
[Result "0-1"]
[WhiteElo "2174"]
[BlackElo "2312"]
[PlyCount "158"]
[EventDate "2006.10.15"]
[EventType "team"]
[EventRounds "11"]
[EventCountry "FRA"]
[SourceTitle "EXT 2008"]
[Source "ChessBase"]
[SourceDate "2007.11.25"]
[SourceVersion "1"]
[SourceVersionDate "2007.11.25"]
[SourceQuality "1"]
[WhiteTeam "Strasbourg II"]
[BlackTeam "Selestat"]
[WhiteTeamCountry "FRA"]
[BlackTeamCountry "FRA"]

1. c4 f5 2. g3 Nf6 3. Bg2 e5 4. d3 Nc6 5. Nc3 Bb4 6. Bd2 Bxc3 7. Bxc3 d6 8. e3 0-0 9. Ne2 Qe8 10. 0-0 Qh5 11. d4 e4 12. Nf4 Qxd1 13. Raxd1 g5 14. Ne2 d5 15. c5 Nd8 16. f4 exf3 17. Bxf3 Bd7 18. Nc1 Re8 19. Rfe1 Nf7 20. Nd3 Re7 21. Ne5 Rae8 22. Nxf7 Kxf7 23. Bd2 Bb5 24. Bc1 Kg6 25. Kf2 Ng4+ 26. Bxg4 fxg4 27. Kg1 Rf7 28. e4 dxe4 29. Be3 Bd3 30. Rd2 Ref8 31. Rf2 Rf3 32. Rxf3 gxf3 33. Kf2 h5 34. h4 g4 35. Rc1 Kf5 36. Rc3 Ke6 37. Ra3 a6 38. Ra5 Rf5 39. Ra4 b6 40. b4 Kd5 41. Ra3 Bc4 42. Ra4 Kc6 43. Ra3 Rd5 44. Rc3 Bxa2 45. cxb6+ Kxb6 46. Rc5 Rxc5 47. dxc5+ Kb5 48. Bd2 a5 49. bxa5 Kxc5 50. Bf4 Kd4 51. Be3+ Kd3 52. Bc5 Bc4 53. Be3 Ba6 54. Bc5 Kc4 55. Be3 c5 56. Ke1 Kd3 57. Kf2 c4 58. Bg5 c3 59. Be3 Kc2 60. Ke1 f2+ 61. Bxf2 Kd3 62. Bc5 c2 63. Ba3 e3 64. Bc1 Ke4 65. Bxe3 Kf3 66. Bf4 c1Q+ 67. Bxc1 Kxg3 68. Bg5 Kf3 69. Be7 g3 70. Bc5 g2 71. Bg1 Kg3 72. Kd2 Kxh4 73. Ke3 Kg3 74. Bf2+ Kh2 75. Kf4 h4 76. Kg4 h3 77. Kh4 Bc8 78. Kg5 g1Q+ 79. Bxg1+ Kxg1 0-1

[Event "Basel Hilton op 09th"]
[Site "Basel"]
[Date "2007.01.05"]
[Round "5"]
[White "Fernandez Aguado, Juan Luis"]
[Black "Cebalo, Miso"]
[Result "0-1"]
[WhiteElo "2312"]
[BlackElo "2471"]
[PlyCount "58"]
[EventDate "2007.01.01"]
[EventType "swiss"]
[EventRounds "7"]
[EventCountry "SUI"]
[SourceTitle "CBM 116 Extra"]
[Source "ChessBase"]
[SourceDate "2007.03.07"]
[SourceVersion "1"]
[SourceVersionDate "2007.03.07"]
[SourceQuality "1"]

1. e4 c5 2. Nf3 d6 3. d4 cxd4 4. Nxd4 Nf6 5. Nc3 g6 6. Be3 Bg7 7. Bc4 0-0 8. f3 Nc6 9. h4 Qb6 10. Qd2 Nxe4 11. Nxe4 Bxd4 12. Bxd4 Qxd4 13. Qxd4 Nxd4 14. 0-0-0 Nf5 15. Rhe1 Bd7 16. g4 Nxh4 17. Ng5 Rac8 18. Rxe7 Rxc4 19. Rxd7 f6 20. Ne4 Nxf3 21. Nxd6 Rxg4 22. Rxb7 h5 23. c4 h4 24. c5 h3 25. Rb3 Ng1 26. Rd2 Rg2 27. Rxh3 Rxd2 28. Kxd2 Nxh3 29. c6 Rd8 0-1

[Event "Basel Hilton op 09th"]
[Site "Basel"]
[Date "2007.01.02"]
[Round "2"]
[White "Varga, Zoltan"]
[Black "Fernandez Aguado, Juan Luis"]
[Result "1-0"]
[WhiteElo "2497"]
[BlackElo "2312"]
[PlyCount "83"]
[EventDate "2007.01.01"]
[EventType "swiss"]
[EventRounds "7"]
[EventCountry "SUI"]
[SourceTitle "CBM 116 Extra"]
[Source "ChessBase"]
[SourceDate "2007.03.07"]
[SourceVersion "1"]
[SourceVersionDate "2007.03.07"]
[SourceQuality "1"]

1. e4 c5 2. Nf3 d6 3. d4 cxd4 4. Nxd4 Nf6 5. f3 a6 6. c4 Nc6 7. Nc3 Nxd4 8. Qxd4 e5 9. Qf2 Be6 10. Be3 Rc8 11. b3 Be7 12. Bb6 Qd7 13. Bd3 0-0 14. 0-0 Bd8 15. Na4 Qc6 16. Be3 Nd7 17. Be2 Ba5 18. Rfc1 Nc5 19. Nc3 Bxc3 20. Rxc3 a5 21. Rd1 f5 22. exf5 Bxf5 23. Bxc5 dxc5 24. Re3 e4 25. Qh4 Rce8 26. f4 Qf6 27. Qxf6 Rxf6 28. g3 b6 29. Kf2 Bc8 30. h4 g6 31. Bf3 Bb7 32. Bg4 Kf8 33. Re2 h6 34. Ke3 Bc6 35. Red2 Ke7 36. Bd7 Rd8 37. Bxc6 Rxd2 38. Rxd2 Rxc6 39. Rd5 Re6 40. Re5 h5 41. Kxe4 Kf6 42. Kd5 1-0